Españoles sin patria y la raza sefardí / (Record no. 122871)

MARC details
000 -LEADER
campo de control de longitud fija 00841nam a2200253 i 4500
001 - NÚMERO DE CONTROL
campo de control 122871
003 - IDENTIFICADOR DE NÚMERO DE CONTROL
campo de control ES-MaACL
005 - FECHA Y HORA DE LA ÚLTIMA TRANSACCIÓN
campo de control 20251217111152.0
007 - CAMPO FIJO DE DESCRIPCIÓN FÍSICA--INFORMACIÓN GENERAL
campo de control de longitud fija t|
008 - DATOS DE LONGITUD FIJA--INFORMACIÓN GENERAL
campo de control de longitud fija 070214s1905 sp |||| | spa d
100 1# - ENTRADA PRINCIPAL--NOMBRE DE PERSONA
Nombre de persona Pulido, Ángel,
Fechas asociadas al nombre 1852-1932
9 (RLIN) 149324
245 10 - MENCIÓN DEL TÍTULO
Título Españoles sin patria y la raza sefardí /
Mención de responsabilidad, etc. Ángel Pulido Fernández.
260 ## - PUBLICACIÓN, DISTRIBUCIÓN, ETC.
Lugar de publicación, distribución, etc. Madrid :
Nombre del editor, distribuidor, etc. [s.n.],
Fecha de publicación, distribución, etc. 1905 (
Fabricante Enrique Teodoro)
300 ## - DESCRIPCIÓN FÍSICA
Extensión VIII, 659 p ;
Dimensiones 24 cm.
490 1# - MENCIÓN DE SERIE
Mención de serie Intereses nacionales
530 ## - NOTA DISPONIBLE DE FORMULARIO FÍSICO ADICIONAL
Nota de formato físico adicional disponible Disponible en formato digital.
650 04 - PUNTO DE ACCESO ADICIONAL DE MATERIA--TÉRMINO DE MATERIA
Término de materia o nombre geográfico como elemento de entrada Sefardíes.
9 (RLIN) 17011
830 0# - PUNTO DE ACCESO ADICIONAL DE SERIE-TÍTULO UNIFORME
Título uniforme Intereses nacionales
9 (RLIN) 218882
852 ## - LOCALIZACIÓN
Ubicación ES-MaACL
Número de control de estantería F-11578
Ubicación en estantería Sala Pecera Planta 2
852 ## - LOCALIZACIÓN
Ubicación ES-MaACL
Número de control de estantería F-800
Ubicación en estantería Depósito 2
856 4# - LOCALIZACIÓN Y ACCESO ELECTRÓNICOS
Identificador Uniforme de Recursos <a href="https://catalogo.bne.es/permalink/34BNE_INST/f0qo1i/alma991000143849708606">https://catalogo.bne.es/permalink/34BNE_INST/f0qo1i/alma991000143849708606</a>
Texto de enlace (Biblioteca Nacional)
942 ## - ELEMENTOS DE ENTRADA SECUNDARIOS (KOHA)
Fuente del sistema de clasificación o colocación Clasificación decimal universal
Holdings
Estatus retirado Estado de pérdida Estado de daño No para préstamo Colección Biblioteca de origen Biblioteca actual Ubicación en estantería Fecha de adquisición Fuente de adquisición Total de préstamos Signatura topográfica completa Código de barras Visto por última vez Precio de reemplazo Tipo de ítem Koha
        Colección digital Biblioteca del Ateneo de Madrid Biblioteca del Ateneo de Madrid Depósito 2 17/01/2008     F-800 1128033 23/02/2023 23/02/2023 Libro impreso
        Colección digital Biblioteca del Ateneo de Madrid Biblioteca del Ateneo de Madrid Sala Pecera Planta 2 17/01/2008     F-11578 1128032 23/02/2023 23/02/2023 Libro impreso